000 00508nam a22001817a 4500
003 FEu
005 20140310182812.0
008 130222t xxu||||| |||| 00| 0 eng d
020 _a9715131751
050 _aRA 410.55.P6
_b.H43 2005
245 _aHealth economics in the Philippine setting /
_ccompiled and edited by EPH Staff
250 _arev. ed.
260 _aManila :
_bEducational Publishing House,
_c2005.
300 _a270 p. :
_c23 cm.
521 _aNUR
942 _2lcc
_cBK
_kLOC
999 _c16196
_d16196